Best British Album Brit Award Winners - Statistics

General Stats
  • This quiz has been taken 546 times
  • The average score is 16 of 33
Answer Stats
Hint Answer % Correct
21 2012 Adele
90%
Thriller 1984 Michael Jackson
90%
Sgt. Pepper's Lonely Heart's Club Band 1977 The Beatles
90%
(What's The Story) Morning ? 1996 Oasis
89%
Parachutes 2001 Coldplay
87%
A Rush of Blood to The Head 2003 Coldplay
87%
X&Y 2006 Coldplay
87%
Parklife 1995 Blur
84%
Seal 1992 Seal
74%
Whatever People Say I Am, That's What I'm Not 2007 Arctic Monkeys
62%
Favourite Worst Nightmare 2008 Arctic Monkeys
62%
Urban Hymns 1998 The Verve
60%
Brothers In Arms 1987 Dire Straits
59%
No Jacket Required 1986 Phil Collins
50%
Rockferry 2009 Duffy
45%
Everything Must Go 1997 Manic Street Preachers
40%
This Is My Truth Tell Me Yours 1999 Manic Street Preachers
40%
Lungs 2010 Florence and the Machine
39%
Hopes and Fears 2005 Keane
39%
The Man Who 2000 Travis
37%
No Angel 2002 Dido
34%
Listen Without Prejudice Vol. 1 1991 George Michael
33%
Sigh No More 2011 Mumford and Sons
32%
Permission To Land 2004 The Darkness
31%
Kings of the Wild Frontier 1982 Adam and the Ants
27%
Diva 1993 Annie Lennox
24%
Diamond Life 1985 Sade
24%
Our Version of Events 2013 Emeli Sande
20%
The Raw and the Cooked 1990 Fine Young Cannibals
19%
Connected 1994 Stereo MC's
18%
...Nothing Like The Sun 1988 Sting
12%
The First of A Million Kisses 1989 Fairground Attraction
7%
Memories 1983 Barbra Streisand
6%
No matching quizzes found
Score Distribution
Percent of People with Each Score
Percentile by Number Answered
Your Score History
You have not taken this quiz